Statistics for NFL Starting Quarterbacks 2019

Click here to take the quiz!

General Stats

  • This quiz has been taken 116 times
  • The average score is 27 of 32

Answer Stats

TeamQuarterback% Correct
Green Bay PackersAaron Rodgers
95%
New England PatriotsTom Brady
94%
Baltimore RavensLamar Jackson
94%
Carolina PanthersCam Newton
93%
Atlanta FalconsMatt Ryan
93%
New Orleans SaintsDrew Brees
93%
New York GiantsEli Manning
91%
Kansas City ChiefsPatrick Mahomes
91%
Seattle SeahawksRussell Wilson
91%
Los Angeles ChargersPhilip rivers
90%
Dallas CowboysDak Prescott
90%
Los Angeles RamsJared Goff
90%
Detroit LionsMatthew Stafford
88%
Philadelphia EaglesCarson wentz
88%
Cleveland BrownsBaker Mayfield
86%
Tampa Bay BuccanneersJameis Winston
86%
Houston TexansDeshaun Watson
86%
Cincinnati BengalsAndy Dalton
85%
Denver BroncosJoe Flacco
84%
Buffalo BillsJosh Allen
84%
San Francisco 49ersJimmy Garoppolo
83%
Pittsburgh SteelersBen Roethlisberger
83%
Jacksonville JaguarsNick Foles
83%
Minnesota VikingsKirk Cousins
83%
New York JetsSam Darnold
83%
Tennessee TitansMarcus Mariota
83%
Oakland RaidersDerek Carr
82%
Arizona CardinalsKyler Murray
80%
Chicago BearsMitchell Trubisky
80%
Indianapolis ColtsJacoby Brisset
75%
Miami DolphinsJosh Rosen
72%
Washington RedskinsCase Keenum
68%

Score Distribution

Percentile by Number Answered

Percent of People with Each Score

Your Score History

You have not taken this quiz